[Event "PriFR-ch (Women) 10th"]
[Site "Perm"]
[Date "2011.01.04"]
[Round "1"]
[White "Matveeva, Olga"]
[Black "Tiunova, Anna"]
[Result "1-0"]
[WhiteElo "2215"]
[BlackElo "1861"]
[PlyCount "105"]
[EventDate "2011.01.04"]
[EventType "swiss"]
[EventRounds "9"]
[EventCountry "RUS"]
[SourceTitle "EXT 2022"]
[Source "ChessBase"]
[SourceDate "2021.10.06"]
[SourceVersion "1"]
[SourceVersionDate "2021.10.06"]
[SourceQuality "1"]

1. e4 c5 2. Nf3 Nc6 3. d4 cxd4 4. Nxd4 Qb6 5. Nb3 Nf6 6. Nc3 e6 7. Bd3 a6 8. 0-0 Be7 9. Be3 Qc7 10. f4 0-0 11. e5 Ne8 12. Qh5 h6 13. Rae1 d6 14. Bd2 Nb4 15. Nb5 Qb6+ 16. Be3 Qd8 17. N5d4 Nxd3 18. cxd3 Bd7 19. Qf3 b5 20. Rc1 Nc7 21. Na5 dxe5 22. fxe5 Nd5 23. Ndc6 Bxc6 24. Nxc6 Qd7 25. Nxe7+ Nxe7 26. Bc5 Rac8 27. d4 f5 28. exf6 Rxf6 29. Qa3 Nf5 30. Rcd1 Qc6 31. Rd2 Re8 32. b4 Rg6 33. d5 Qb7 34. dxe6 Qe4 35. Qf3 Qxf3 36. Rxf3 Ne7 37. Rd6 Rg5 38. Rxa6 Nd5 39. e7 Nf6 40. Re3 Rd5 41. Rd6 Rf5 42. Rd8 Kf7 43. Re1 Rd5 44. Rxd5 Nxd5 45. Kf2 Nxe7 46. Bxe7 Rxe7 47. Rxe7+ Kxe7 48. Ke3 Kd7 49. Ke4 Ke6 50. Kd4 Kd6 51. a3 g6 52. h3 g5 53. g4 1-0

[Event "Perm Rating October"]
[Site "Perm"]
[Date "2010.10.04"]
[Round "1"]
[White "Tiunova, Anna"]
[Black "Karpenko, Alexander"]
[Result "0-1"]
[WhiteElo "1840"]
[BlackElo "2147"]
[PlyCount "72"]
[EventDate "2010.10.04"]
[EventType "swiss"]
[EventRounds "8"]
[EventCountry "RUS"]
[SourceTitle "EXT 2022"]
[Source "ChessBase"]
[SourceDate "2021.10.06"]
[SourceVersion "1"]
[SourceVersionDate "2021.10.06"]
[SourceQuality "1"]

1. d4 g6 2. c4 Bg7 3. Nc3 d6 4. Nf3 Nd7 5. e4 e5 6. dxe5 dxe5 7. Be3 Nh6 8. h3 f6 9. Be2 Nf7 10. 0-0 c6 11. Qc2 Qe7 12. Rab1 0-0 13. b4 Re8 14. b5 Nc5 15. bxc6 bxc6 16. Na4 Ne6 17. c5 f5 18. exf5 gxf5 19. Rfd1 e4 20. Nd4 Ned8 21. Bc4 Kh8 22. Qd2 Ne5 23. Be2 Qf7 24. Qc2 f4 25. Bd2 f3 26. Bf1 fxg2 27. Bxg2 Nf3+ 28. Nxf3 exf3 29. Bf1 Bf5 30. Qc4 Qg6+ 31. Kh1 Bxb1 32. Bc3 Bf5 33. Rd6 Be6 34. Qb4 Rg8 35. Nb2 Bxc3 36. Qxc3+ Rg7 0-1

[Event "Privolzhskogo FO-ch (Women)"]
[Site "Izhevsk"]
[Date "2010.01.09"]
[Round "9"]
[White "Shur, Tatiana"]
[Black "Tiunova, Anna"]
[Result "0-1"]
[WhiteElo "1583"]
[BlackElo "1853"]
[PlyCount "94"]
[EventDate "2010.01.04"]
[EventType "swiss"]
[EventRounds "9"]
[EventCountry "RUS"]
[SourceTitle "CBM 134 Extra"]
[Source "ChessBase"]
[SourceDate "2010.03.03"]
[SourceVersion "1"]
[SourceVersionDate "2010.03.03"]
[SourceQuality "1"]

1. e4 c5 2. f4 Nc6 3. Nf3 e6 4. Be2 Nge7 5. 0-0 g6 6. d3 Bg7 7. Nc3 0-0 8. Be3 b6 9. Bf2 d5 10. e5 a6 11. d4 cxd4 12. Nxd4 Bb7 13. Na4 b5 14. Nc5 Qc7 15. Nxb7 Qxb7 16. Nb3 Rfd8 17. a3 Nf5 18. Nc5 Qc7 19. b4 Bh6 20. g3 Bf8 21. h4 Bxc5 22. bxc5 d4 23. Bd3 Nce7 24. h5 Qxc5 25. hxg6 fxg6 26. Qg4 Qb6 27. Rab1 Ne3 28. Bxe3 dxe3 29. Rfe1 Nf5 30. Kg2 Rac8 31. Re2 Kg7 32. Rbe1 Nd4 33. Qg5 Qc6+ 34. Kh3 Rf8 35. Rxe3 Nxc2 36. Bxc2 Qxc2 37. Qe7+ Rf7 38. Qxe6 Rc6 39. Qg4 Re7 40. Qf3 h5 41. Qd1 Qf5+ 42. Kg2 Rd7 43. Qa1 Qe6 44. Qb2 Rdc7 45. R1e2 Qd5+ 46. Kg1 Rc1+ 47. Re1 R1c2 0-1

[Event "Privolzhskogo FO-ch (Women)"]
[Site "Izhevsk"]
[Date "2010.01.04"]
[Round "1"]
[White "Idrisova, Roza"]
[Black "Tiunova, Anna"]
[Result "1-0"]
[WhiteElo "2156"]
[BlackElo "1853"]
[PlyCount "75"]
[EventDate "2010.01.04"]
[EventType "swiss"]
[EventRounds "9"]
[EventCountry "RUS"]
[SourceTitle "CBM 134 Extra"]
[Source "ChessBase"]
[SourceDate "2010.03.03"]
[SourceVersion "1"]
[SourceVersionDate "2010.03.03"]
[SourceQuality "1"]

1. d4 Nf6 2. c4 e5 3. dxe5 Ng4 4. Nf3 Nc6 5. Bg5 Be7 6. Bf4 Bb4+ 7. Nbd2 Qe7 8. e3 Ngxe5 9. Nxe5 Nxe5 10. Be2 0-0 11. 0-0 Bxd2 12. Qxd2 d6 13. Qc3 Ng6 14. Bg3 Bf5 15. b4 Rfd8 16. f3 Rac8 17. e4 Bd7 18. Rae1 f6 19. f4 c6 20. Bf3 Re8 21. h4 Qf7 22. Bh5 f5 23. Qd4 Rxe4 24. Rxe4 fxe4 25. f5 Bxf5 26. Bg4 Ne7 27. Bxd6 Qe6 28. Be2 Rd8 29. c5 Kh8 30. Bc4 Qd7 31. Qe5 Ng6 32. Qxf5 Qxf5 33. Rxf5 Nxh4 34. Rf4 Ng6 35. Rxe4 h6 36. Bf7 Kh7 37. Bxg6+ Kxg6 38. Re7 1-0